000 00624cam a22002171 4500
001 sa 64007468
003 DLC
005 20260227112047.0
008 750124s1962 xx 000 0 ind
010 _asa 64007468
035 _a(OCoLC)1151201
040 _aDLC
_cOAU
_dDLC
042 _apremarc
050 0 0 _aJQ779.A55
_bA55
110 2 _aPartai Komunis Indonesia.
_bComite Central.
245 1 0 _aKeptusan² sidang pleno ke-III CC PKI
_b(30-31 Desember 1961)
260 _aDjakarta,
_bJajasan Pembaruan,
_c1962.
300 _a61 p.
_c13 cm.
500 _a"Ralat": slip inserted.
610 2 0 _aPartai Komunis Indonesia.
999 _c60278
_d60278